书目信息 |
| 题名: |
乡土民居
|
|
| 作者: | 李秋香 著 | |
| 分册: | ||
| 出版信息: | 天津 百花文艺出版社 2009.08 |
|
| 页数: | 290页 | |
| 开本: | 23cm | |
| 丛书名: | ||
| 单 册: | ||
| 中图分类: | TU241.4 | |
| 科图分类: | ||
| 主题词: | 农村住宅--nong cun zhu zhai--研究--中国 | |
| 电子资源: | ||
| ISBN: | 978-7-5306-5254-1 | |
| 000 | 00765nam0 2200241 450 | |
| 001 | 012009256140 | |
| 005 | 20091230111321.34 | |
| 010 | @a978-7-5306-5254-1@dCNY34.00 | |
| 100 | @a20091230d2009 em y0chiy0120 ea | |
| 101 | 0 | @achi |
| 102 | @aCN@b120000 | |
| 105 | @aa z 000yy | |
| 106 | @ar | |
| 200 | 1 | @a乡土民居@Axiang tu min ju@f李秋香著@Fli qiu xiang zhu |
| 205 | @a第2版 | |
| 210 | @a天津@c百花文艺出版社@d2009.08 | |
| 215 | @a290页@c图@d23cm | |
| 330 | @a本书内容包括:山西有个郭峪村、玉华山下新叶村、探访石桥村的方楼圆楼、十里铺窑洞民居、婺源的乡土建筑等。 | |
| 606 | 0 | @a农村住宅@Anong cun zhu zhai@x研究@y中国 |
| 690 | @aTU241.4@v4 | |
| 701 | 0 | @a李秋香@Ali qiu xiang@4著 |
| 801 | 0 | @aCN@bQSSK@c20091230 |
| 905 | @b769291-93@dTU241.4@eL237@f3 | |
| 乡土民居/李秋香著.-第2版.-天津:百花文艺出版社,2009.08 |
| 290页:图;23cm |
| ISBN 978-7-5306-5254-1:CNY34.00 |
| 本书内容包括:山西有个郭峪村、玉华山下新叶村、探访石桥村的方楼圆楼、十里铺窑洞民居、婺源的乡土建筑等。 |
| ● |
| 相关链接 |
|
|
|
正题名:乡土民居
索取号:TU241.4/L237
 
预约/预借
| 序号 | 登录号 | 条形码 | 馆藏地/架位号 | 状态 | 备注 |
| 1 | 769291 | 207692914 | 建筑库101/101建筑库 65排2列2层/ [索取号:TU241.4/L237] | 在馆 | |
| 2 | 769292 | 207692923 | 建筑与城市规划学院资料室/101建筑库 36排1列1层/ [索取号:TU241.4/L237] | 在馆 | |
| 3 | 769293 | 207692932 | 建筑与城市规划学院资料室/101建筑库 36排1列1层/ [索取号:TU241.4/L237] | 在馆 |